000 00991nam a2200241 4500
005 20111201114613.0
010 _aB-444797
020 _a9780195640854
_c295.00
020 _a0195640853
_c295.00
035 _aB-444797
037 _bAllied Pub/Ven
082 _a306.095441
245 _aBombay:
_cedited by Sujata Patel (and) Alice Thorner
_bmosaic of modern culture /
260 _aNew Delhi
_bOxford University Press
_c2007
270 _aYMCA Library Building, Jai Singh Road,
_bNew Delhi
_e110001
300 _axxxv, 235p.
_c24cm(pbk)
_bphotos
500 _aIncludes index
700 _aPatel, Sujata
_936378
700 _aThorner, Alice
_936379
942 _2ddc
_cEN
_mBOM
_h306.095441
999 _c58874
_d58874